Reform of the grounds of divorce the field of choice: report on a reference under section 3(1) (e) of the Law Commissions Act 1965 (Record no. 489053)

000 -LEADER
fixed length control field 00460cam a22001097a 4500
008 - FIXED-LENGTH DATA ELEMENTS--GENERAL INFORMATION
fixed length control field 180718b1966 xxu||||| |||| 00| 0 eng d
082 ## - DEWEY DECIMAL CLASSIFICATION NUMBER
Classification number B14103x42 Un3r
245 ## - TITLE STATEMENT
Title Reform of the grounds of divorce the field of choice: report on a reference under section 3(1) (e) of the Law Commissions Act 1965
Statement of responsibility, etc. by the Law Commission, United Kingdom
260 ## - PUBLICATION, DISTRIBUTION, ETC.
Place of publication, distribution, etc. London
Name of publisher, distributor, etc. Her Majesty's Stationery Office
Date of publication, distribution, etc. 1966
300 ## - PHYSICAL DESCRIPTION
Extent 62p.
700 ## - ADDED ENTRY--PERSONAL NAME
Personal name United Kingdom. The Law Commission
Holdings
Withdrawn status Lost status Damaged status Not for loan Permanent Location Current Location Date acquired Full call number Barcode Date last seen Price effective from Koha item type
        Indian Institute of Public Administration Indian Institute of Public Administration 2018-08-04 B14103x42 Un3r G7818 2018-08-04 2018-08-04 G

Powered by Koha